Advanced study in the history of modern India vol-II (1920-1947) (Record no. 825854)

MARC details
000 -LEADER
fixed length control field 00632nam a2200217Ia 4500
008 - FIXED-LENGTH DATA ELEMENTS--GENERAL INFORMATION
fixed length control field 101110s9999 xx 000 0 und d
041 ## - LANGUAGE CODE
Language code of text/sound track or separate title ENGLISH
082 ## - DEWEY DECIMAL CLASSIFICATION NUMBER
Item number SR33353
100 ## - MAIN ENTRY--PERSONAL NAME
Personal name Chhabra G.S.
245 ## - TITLE STATEMENT
Title Advanced study in the history of modern India vol-II (1920-1947)
260 ## - PUBLICATION, DISTRIBUTION, ETC. (IMPRINT)
Date of publication, distribution, etc 2005
Name of publisher, distributor, etc Lotus Press, New Delhi
300 ## - PHYSICAL DESCRIPTION
Extent 268
365 ## - TRADE PRICE
Price amount 135
520 ## - SUMMARY, ETC.
Summary, etc History
546 ## - LANGUAGE NOTE
Language note ENGLISH
630 ## - SUBJECT ADDED ENTRY--UNIFORM TITLE
Uniform title Advanced study in the history of modern India vol-II (1920-1947)
650 ## - SUBJECT ADDED ENTRY--TOPICAL TERM
Topical term or geographic name as entry element History
655 ## - INDEX TERM--GENRE/FORM
Genre/form data or focus term History
730 ## - ADDED ENTRY--UNIFORM TITLE
Uniform title Advanced study in the history of modern India vol-II (1920-1947)
942 ## - ADDED ENTRY ELEMENTS (KOHA)
Koha item type Book
Holdings
Withdrawn status Lost status Damaged status Not for loan Home library Current library Shelving location Date acquired Source of acquisition Cost, normal purchase price Shelving control number Total Checkouts Barcode Date last seen Price effective from Koha item type
        D. B. J. College, Chiplun D. B. J. College, Chiplun     Yogesh prakashan, Pune, bill no.5083, dt.30/1/10 135.00     DBJSR33353 11/11/2010 11/11/2010 Book